000 01029nam a22002777a 4500
005 20111214140633.0
008 111214t xxu||||| |||| 00| 0 eng d
010 _aENG-104337
020 _a9788120344563
_c495.00
035 _aEN -87870
037 _bDBAD/PUB
040 _aDPL
_bEng
082 _a005.446
100 _936352
_aRussinovich, Mark
245 _aWindows sysinternals administrator's reference /
_cby Mark Russinovich [and] Aaron Margosis
260 _aNew Delhi
_bPHI Learning
_c2012
270 _aM-97, Connaught Circus
_bNew Delhi
_e110001
300 _axxviii,462p. :
_c23cm(pbk)
_bill.
500 _aIncludes index
610 _936477
630 _aMicrosoft Windows (Computer file)
_936988
650 _936353
_aOperating systems (Computers)
700 _936394
_aAaron, Margosis
942 _2ddc
_cEN
_mRUS
_h005.446
999 _c59435
_d59435